Vestník - Úrad pre finančný trh

Gespeichert in:
Bibliographische Detailangaben
Format: Schriftenreihe
Sprache:Slowakisch
Veröffentlicht: Bratislava Úrad pre finančný trh 2004
Schlagworte:
Tags: Tag hinzufügen
Keine Tags, Fügen Sie das erste Tag hinzu!

MARC

LEADER 00000nas2a2200000 4500
001 0070012
005 20080129092143.4
022 |a 1335-7956 
041 0 |a slo 
044 |a SK 
245 1 0 |a Vestník - Úrad pre finančný trh 
264 1 |a Bratislava  |b Úrad pre finančný trh  |c 2004 
773 0 |w eu_un_cat*s123445 
610 2 0 |a financie 
610 2 0 |a trh finančný 
610 2 0 |a Slovensko 
610 2 0 |a Úrad pre finančný trh